000 003980000a22001570004500
003 LK-CoMWRAF
005 20231203220216.0
008 230817t ||||| |||| 00| 0 eng d
040 _aLK-CoMWRAF
_dLK-CoMWRAF
_eLK-CoMWRAF
041 _aeng
082 _a060
_bGOD
245 _aGodage English-Sinhala-Tamil Dictionary
260 _bS.Godage & Sons
_aSri Lanka
_c1999
300 _ap.775
942 _cBK
999 _c752
_d752